Los consejos evangélicos a la luz de la teología actual / (Record no. 45386)

MARC details
000 -LEADER
campo de control de longitud fija 00527nam a2200181 i 4500
001 - NÚMERO DE CONTROL
campo de control 45386
003 - IDENTIFICADOR DE NÚMERO DE CONTROL
campo de control ES-MaACL
007 - CAMPO FIJO DE DESCRIPCIÓN FÍSICA--INFORMACIÓN GENERAL
campo de control de longitud fija t|
008 - DATOS DE LONGITUD FIJA--INFORMACIÓN GENERAL
campo de control de longitud fija 030325s1965 sp ||||1| spa d
100 1# - ENTRADA PRINCIPAL--NOMBRE DE PERSONA
Nombre de persona Colorado, Alfredo.
9 (RLIN) 39889
245 14 - MENCIÓN DEL TÍTULO
Título Los consejos evangélicos a la luz de la teología actual /
Mención de responsabilidad, etc. Alfredo Colorado.
260 ## - PUBLICACIÓN, DISTRIBUCIÓN, ETC.
Lugar de publicación, distribución, etc. Salamanca :
Nombre del editor, distribuidor, etc. Sígueme,
Fecha de publicación, distribución, etc. 1965.
300 ## - DESCRIPCIÓN FÍSICA
Extensión 481 p. ;
Dimensiones 22 cm.
490 1# - MENCIÓN DE SERIE
Mención de serie Lux Mundi ;
Designación de volumen o secuencia 13
830 0# - PUNTO DE ACCESO ADICIONAL DE SERIE-TÍTULO UNIFORME
Título uniforme Lux Mundi ;
Designación de volumen o secuencia 13
9 (RLIN) 182650
852 ## - LOCALIZACIÓN
Ubicación ES-MaACL
Número de control de estantería E-693
Sublocalización o colección R.56680
Holdings
Estatus retirado Estado de pérdida Estado de daño No para préstamo Biblioteca de origen Biblioteca actual Ubicación en estantería Fecha de adquisición Fuente de adquisición Total de préstamos Signatura topográfica completa Código de barras Visto por última vez Precio de reemplazo Tipo de ítem Koha
        Biblioteca del Ateneo de Madrid Biblioteca del Ateneo de Madrid Depósito 2 17/01/2008     E-693 1047755 23/02/2023 23/02/2023 Libro impreso